000 00554nam a22002177a 4500
999 _c6782
_d6782
001 6782
003 BD-JhCC
005 20180130101752.0
008 180130b xxu||||| |||| 00| 0 eng d
035 _a(BD-JhCC)6782
040 _aBD-JhCC
_dBD-JhCC
041 _aeng
082 _a910.4
_bBRO 1961
100 _aBroughton, Geofeerey
245 _aThe Splendid Tasks /
_cGeofeerey Broughton
260 _aLondon :
_bOxford University Press,
_c1961.
300 _a183 p. :
_c20 cm.
650 _aGeography & Travel
942 _2ddc
_cBK